Endocrinología clínica (Registro nro. 308615)

Detalles MARC
000 -ENCABEZADO
Número de control [NR] 01065cam a2200313Ia 4500
001 - NÚMERO DE CONTROL
control field ocm55591071
003 - IDENTIFICADOR DE CONTROL NÚMERO
control field Co-BoUCM
005 - FECHA Y HORA DE LA ÚLTIMA TRANSACCIÓN
control field 20180118154108.0
008 - DE LONGITUD FIJA DE DATOS DE ELEMENTOS - INFORMACIÓN GENERAL
Elementos de longitud fija [NR] 171115s2004 mx b 000 0 spa d
016 7# - NUMERO DE CONTROL DE AGENCIA BIBLIOGRAFICA NACIONAL [R]
Número de control [NR] 101203639
Fuente [NR] DNLM
020 ## - NUMERO INTERNACIONAL NORMALIZADO PARA LIBROS [R]
Número Internacional Normalizado del libro [NR] 9707290633
020 ## - NUMERO INTERNACIONAL NORMALIZADO PARA LIBROS [R]
Número Internacional Normalizado del libro [NR] 9789707290631
029 1# - OTRO SISTEMA DE NÚMERO DE CONTROL (OCLC)
OCLC library identifier NLM
System control number 101203639
035 ## - NUMERO DE CONTROL DEL SISTEMA [R]
Número de control del sistema [NR] (OCoLC)55591071
Numero Cancelado/no válido [R] (OCoLC)55697020
-- (OCoLC)57422309
040 ## - FUENTE DE CATALOGACION [NR]
Agencia de catalogación original [NR] Co-BoUCM
Idioma de catalogación [NR] spa
Quien Cataloga Saul Niño
Quien Clasifica Saul Niño
041 ## - CODIGO DE IDIOMA [R]
Código de idioma para texto/pista de sonido o título separado [R] Español
060 10 - SIGNATURA TOPOGRAFICA DE LA BIBLIOTECA NACIONAL DE MEDICINA (NLM) [R]
Número clasificador [R] WK 140
100 1# - ASIENTO PRINCIPAL--NOMBRE PERSONAL [NR]
Nombre personal [NR] Dorantes Cuéllar, Alicia Yolanda.
ID Autoridad 88944
245 10 - MENCION DE TITULO [NR]
Título [NR] Endocrinología clínica
Mención de responsabilidad, etc. [NR] Alicia Yolanda Dorantes Cuéllar, Cristina Martínez Sibaja
260 ## - PUBLICACION, DISTRIBUCION, ETC. (PIE DE IMPRENTA) [R]
Lugar de publicación, distribución, etc. [R] México
Nombre del editor, distribuidor, etc. [R] Manual moderno
Fecha de publicación, distribución, etc. [R] 2004
300 ## - DESCRIPCION FISICA [R]
Extensión [R] xiv, 614, 15 páginas
Otros detalles físicos [NR] ilustraciones
650 #0 - ASIENTO SECUNDARIO DE MATERIA - TERMINO TEMATICO [R]
Término temático o nombre geográfico como elemento de entrada [NR] Enfermedades del sistema endocrino
9 (RLIN) 83656
650 #7 - ASIENTO SECUNDARIO DE MATERIA - TERMINO TEMATICO [R]
Término temático o nombre geográfico como elemento de entrada [NR] Endocrinología
9 (RLIN) 183
650 #7 - ASIENTO SECUNDARIO DE MATERIA - TERMINO TEMATICO [R]
Término temático o nombre geográfico como elemento de entrada [NR] Endocrinología clínica
9 (RLIN) 14205
650 #7 - ASIENTO SECUNDARIO DE MATERIA - TERMINO TEMATICO [R]
Término temático o nombre geográfico como elemento de entrada [NR] Glándulas endocrinas
Subdivisión general [R] Enfermedades.
9 (RLIN) 16447
700 1# - ASIENTO SECUNDARIO - NOMBRE PERSONAL [R]
Nombre personal [NR] Martínez Sibaja, Cristina
9 (RLIN) 88945
942 ## - ELEMENTOS DE ENTRADA AGREGADOS (KOHA)
Sistema de clasificación NLM
Tema principal Medicina
Tipo de ítem principal el descrito en 300a Libro
Edición 1
Clasificación WK 140
Parte restante de la signatura top. D693e
Título oculto en OPAC No
Existencias
Total préstamos Signatura topográfica Código de barras Última vez visto Ejemplar Costo de reposición Price effective from Tipo de ítem Perdido Sistema de clasificación Dañado No prestable Tipo de ítem específico Suprimido Ubicación habitual Ubicación actual Localización Fecha de creación Proveedor Forma de adquisición Costo
  WK 140 D693e 100155379 01/12/2025 Ej.1 26000.00 14/11/2017 Libro   NLM     Libro   Fundación Cardioinfantil Fundación Cardioinfantil 1er piso 14/11/2017 12 Donación 26000.00